Ομάδες Lie ομογενείς χώροι και διαφορική γεωμετρία
Αποθηκεύτηκε σε:
| Κύριος συγγραφέας: | |
|---|---|
| Μορφή: | Βιβλίο |
| Γλώσσα: | Greek |
| Δημοσίευση: |
Αθήνα :
Τροχαλία,
1999.
|
| Θέματα: | |
| Ετικέτες: |
Προσθήκη ετικέτας
Δεν υπάρχουν, Καταχωρήστε ετικέτα πρώτοι!
|
MARC
| LEADER | 00000cam a2200000 i 4500 | ||
|---|---|---|---|
| 001 | 1/3326 | ||
| 008 | 000519s1999 gr | ||| |||| ||gre|| | ||
| 020 | |a 9607809505 | ||
| 035 | |l 10060758 | ||
| 040 | |a GR-MyUA |b gre |e AACR2 | ||
| 041 | 0 | |a gre | |
| 082 | 0 | |a 516.36 | |
| 100 | 1 | |a Αρβανιτογεώργος, Ανδρέας. | |
| 245 | 1 | 0 | |a Ομάδες Lie ομογενείς χώροι και διαφορική γεωμετρία / |c Ανδρέας Αρβανιτογεώργος. |
| 260 | |a Αθήνα : |b Τροχαλία, |c 1999. | ||
| 300 | |a 105 σ. ; |c 24 εκ. | ||
| 504 | |a Περιέχει βιβλιογραφία και ευρετήριο όρων. | ||
| 650 | 0 | 0 | |a Geometry, Differential. |
| 650 | 0 | 0 | |a Lie groups. |
| 650 | 0 | 0 | |a Symmetric spaces. |
| 852 | |a INST |b SAMOS |e 20000519 |h 516.36 ΑΡΒ |p 005300017282 |q 005300017282 |t BK |y 0 | ||
| 852 | |a INST |b SAMOS |e 20010620 |h 516.36 ΑΡΒ |p 005300020716 |q 005300020716 |t BK |y 0 | ||
| 901 | |a BIBL3-2001-2 | ||
| 901 | |a BIBL3-2000-2 | ||
| 920 | |a ΑΡΒΑΝΙΤΟΓΕΩΡΓΟΣ |b ΑΝΔΡΕΑΣ |y Σάμος |z 2001-06 | ||
| 922 | |a 3ΕΛΗ |b 200003 |c ΒΙΒΛΙΟΘΗΚΗ |d ΠΑΠΑΣΩΤΗΡΙΟΥ | ||
| 950 | |a 127-1999-11-23 | ||
| 970 | |a ΠΟΥΡΝΑΡΑΣ |b ΔΗΜΗΤΡΗΣ |z 2000/05/23 | ||